00734cam a2200217 a 450000100100000000500170001000800410002702000150006804000230008308200170010610000370012324000230016024500690018326000310025230000210028349000640030465000230036865000250039170000340041683000660045000000983120200929161725.0891011s1984 sp 000 0 spa  z8427606817 aDO-SdBNPcDLCdDLC aA861.3bE18r1 aEcheverria, Esteban,d1805-1851.10aPoems.kSelections10aRimas /cEsteban Echeverria ; edición, Antonio Lorente Medina. aMadrid :bNacional,c1984. a189 p. ;c18 cm.1 aBiblioteca de la Literatura y el Pensamiento Hispanicosv63 4aPoesía argentina 4aLiteratura argentina1 aLorente Medina, Antonio,eed. 0aBiblioteca de la Literatura y el Pensamiento Hispanicos ;v63